Music: Orchestral Manoeuvres in the Dark (OMD) Top 50 Singles - Statistics

General Stats
  • This quiz has been taken 31 times
    30 since last reset
  • The average score is 13 of 23
Answer Stats
Song # Year % Correct
Enola Gay 8 1980
91%
Joan of Arc 5 1981
86%
Souvenir 3 1981
82%
Maid of Orleans (The Waltz Joan of Arc) 4 1982
77%
Messages 13 1980
73%
Locomotion 5 1984
68%
Pandora's Box 7 1991
68%
Secret 34 1985
68%
Sailing on the Seven Seas 3 1991
64%
So in Love 27 1985
64%
(Forever) Live and Die 11 1986
59%
Tesla Girls 21 1984
55%
If You Leave 48 1986
50%
Genetic Engineering 20 1983
45%
Telegraph 42 1983
45%
Walking on the Milky Way 17 1996
45%
Call My Name 50 1991
36%
La Femme Accident 42 1985
36%
Talking Loud and Clear 11 1984
36%
Stand Above Me 21 1993
32%
Dream of Me (Based on Love's Theme) 24 1993
27%
Then You Turn Away 50 1991
27%
Dreaming 50 1988
23%
No matching quizzes found
Score Distribution
Percent of People with Each Score
Percentile by Number Answered
Your Score History
You have not taken this quiz since the last reset